000 00599nam a2200205Ia 4500
003 GCL
008 140319s9999 xx 000 0 ara d
040 _aGCL /
_cGCL
082 0 4 _a191
_bم ف
100 1 _aمحمد محمود الغول
245 1 0 _aفيلسوف اخر زمن /
_cمحمد محمود الغول
260 _a[S.N] :
_bدار عمار للنشر والتوزيع ،
_c1993
300 _a84 ص
490 _a
650 0 4 _aالفلسفة
650 0 4 _aنظريات
650 0 4 _aالفلسفة الحديثة
650 0 4 _aالفلسفة الفردية
942 _2ddc
_cBK
999 _c32078
_d32078